Ncert Summary (Class VI-XII): (Record no. 184473)

MARC details
000 -LEADER
fixed length control field 00624nam a22001817a 4500
005 - DATE AND TIME OF LATEST TRANSACTION
control field 20220120162759.0
010 ## - LCCN (DPL NO)
LC control number ENG-131284
020 ## - INTERNATIONAL STANDARD BOOK NUMBER
International Standard Book Number 978-93-90389-81-0
Terms of availability 325.00
035 ## - SYSTEM CONTROL NUMBER
System control number EN-114816
037 ## - SOURCE OF ACQUISITION
Source of stock number/acquisition DBAD
082 ## - DEWEY DECIMAL CLASSIFICATION NUMBER
Classification number 000
100 ## - MAIN ENTRY--PERSONAL NAME
Personal name Rannjan, Manish
245 ## - TITLE STATEMENT
Title Ncert Summary (Class VI-XII):
Statement of responsibility, etc Manish Rannjan
Remainder of title Useful for UPSC, UPPSC, BPSC, JPSC, MPPSC AND ALL OTHER COMPETITIVE EXAMS/
260 ## - PUBLICATION, DISTRIBUTION, ETC. (IMPRINT)
Place of publication, distribution, etc New Delhi
Name of publisher, distributor, etc Prabhat Exam
Date of publication, distribution, etc 2022
270 ## - ADDRESS
City New Delhi
Address 4/19, Asaf Ali Road
Postal code 110002
Telephone number 23289555, 23289666
Electronic mail address prabhatbook@gmail.com
300 ## - PHYSICAL DESCRIPTION
Extent 356p.
Dimensions 27cm(pbk)
942 ## - ADDED ENTRY ELEMENTS (KOHA)
Source of classification or shelving scheme Dewey Decimal Classification
Item type English Books
Classification part 000
Call number suffix RAN
Holdings
Withdrawn status Lost status Not for loan Collection code Home library Current library Date acquired Source of acquisition Cost, normal purchase price Full call number Barcode Copy number Cost, replacement price Koha item type
      Non-fiction Ashok Vihar Ashok Vihar 20/01/2022 DBAD/PUB 325.00 000 RAN EN-114816 1 325.00 English Books

© Delhi Public Library
Hit Counter
free hit counter